00950nam a2200229Ia 4500003000900000008004100009040001600050080002200066111007300088245016000161260004200321300001400363490005000377650002500427650002900452650002900481650004900510700002900559942000700588999001500595952011000610IN-BaIIA211028s9999 xx 000 0 eng d cIIA Library a52(082.2)bASS-52 aNeil Brice Memorial SymposiumcTracati (?)d1974 May 28-June 198707 4aThe Magnetospheres of the earth and jupiterbproceedings of the Neil Brice Memorial symposium held in Tracati, May 28 - June 1 1974cedited by V. Formisano aDordrechtbD. Reidel Publishingc1975 aXI, 485p. aAstrophysics and space science library; v. 52 a Ionosphere 98473 a Magnetospheres 98708 a Upper Atmosphere98709 aAstronomy and Astrophysics Thesaurus 91143 aFormisano, V., ed.98710 cBK c4874d4874 00104070aBANbKODcGENd1976-06-30l0o52(082.2)/ ASS-52p5454r2021-11-05w1976-06-30yBKGDFL 165.00